Normal view
MARC view
- تاليف النجار، اياد عبدالفتاح تحريرمصلح النجار
Entry Personal Name
001 - CONTROL NUMBER
- control field: 17796
003 - CONTROL NUMBER IDENTIFIER
- control field: JO-AjAnu
005 - DATE AND TIME OF LATEST TRANSACTION
- control field: 20230606073134.0
008 - FIXED-LENGTH DATA ELEMENTS
- fixed length control field: 230606|| aca||aabn | a|a d
040 ## - CATALOGING SOURCE
- Original cataloging agency: JO-AjAnu
- Transcribing agency: JO-AjAnu
100 ## - HEADING--PERSONAL NAME
- Personal name: تاليف النجار، اياد عبدالفتاح تحريرمصلح النجار
670 ## - SOURCE DATA FOUND
- Source citation: Work cat.: (JO-AjAnu)9141: تاليف النجار، اياد عبدالفتاح تحريرمصلح النجار , author, المرجع الوافي قي صيانة الكمبيوتر